Central Library OPAC University of Rajshahi

Omar, the empire builder, commander of the faithful, second caliph of Islam / (Record no. 45871)

MARC details
000 -LEADER
fixed length control field 00707nam a2200229 a 4500
001 - CONTROL NUMBER
control field 45871
003 - CONTROL NUMBER IDENTIFIER
rucl marc code BD-RjUL
005 - DATE AND TIME OF LATEST TRANSACTION
control field 20211209054059.0
008 - FIXED-LENGTH DATA ELEMENTS--GENERAL INFORMATION
fixed length control field 160728s1961 pk a 000 0 eng
035 ## - SYSTEM CONTROL NUMBER
System control number (BD-RjUL)
System control number (OCoLC)14772656
040 ## - CATALOGING SOURCE
Original cataloging agency DLC
Transcribing agency WaU
Modifying agency DLC
-- BD-RjU
Language of cataloging eng
041 ## - LANGUAGE CODE
Language code of text/sound track or separate title eng
082 ## - DEWEY DECIMAL CLASSIFICATION NUMBER
Edition number 23
Author mark and year ALO 1961
Classification number 297.922
100 1# - MAIN ENTRY--PERSONAL NAME
Personal name Ali, Hamid,
9 (RLIN) 140292
245 00 - TITLE STATEMENT
Title Omar, the empire builder, commander of the faithful, second caliph of Islam /
Statement of responsibility, etc. Ali, Hamid
250 ## - EDITION STATEMENT
Edition statement 1st ed.
260 ## - PUBLICATION, DISTRIBUTION, ETC. (IMPRINT)
Place of publication, distribution, etc. Dacca :
Name of publisher, distributor, etc. Pakistan Press Syndicate,
Date of publication, distribution, etc. 1961.
300 ## - PHYSICAL DESCRIPTION
Pagination 391 p. :
Illustrations ill. ;
Size 19 cm.
600 00 - SUBJECT ADDED ENTRY--PERSONAL NAME
Personal name ʻUmar ibn al-Khaṭṭāb,
Titles and other words associated with a name Caliph,
Dates associated with a name -644.
942 ## - ADDED ENTRY ELEMENTS (KOHA)
Source of classification or shelving scheme Dewey Decimal Classification
Koha item type Books
Holdings
Lost status Source of classification or shelving scheme Damaged status Not for loan Collection code Permanent Location Current Location Shelving location Date acquired Source of acquisition Cost, normal purchase price Total Checkouts Full call number Date last seen Copy number Koha item type
  Dewey Decimal Classification     Non-fiction Central Library, University of Rajshahi Central Library, University of Rajshahi   01/12/1961 Green book house 22.50   297.922 ALO 1961 28/07/2016 C-2 Books